Quizzes
Events
Quiz Creation
Community
Videos
Private Events
Remove Ads
Sign In
Join for FREE
Feedback
Dark Mode
Quiz Categories
Sports
Geography
Music
Movies
Television
Just For Fun
Miscellaneous
History
Literature
Language
Science
Gaming
Entertainment
Religion
Holiday
For Kids
Quiz Lab
Recent
Popular Today
Quiz Kudos Today
Editor Picks
Curator Picks
Quizzes by...
Day
Popularity
Type
Ratings
Length
Year
Community
Subscriptions
Recent Discussions
Orange Saloon
Badges
Playlists
Quests
Create
Leaderboards
Showdown
Live 5
Trivia Bingo
Activity
Puzzle Library
Sporcle Events
Private Events
Virtual Trivia
Globe League
Become a Host
Pub Owners
SporcleCon
Opinionation
Our Games
Videos
Blog
Mobile Apps
Partnerships
Remove Ads and Go Orange
Feedback
Science
Computer
Plants
Astronomy
Chemistry
Elements
Math
Animal
Physics
Anatomy
Biology
Geology
General Science
Science
Computer
Plants
Astronomy
Chemistry
Elements
Math
Animal
Physics
Anatomy
Biology
Geology
General Science
Random Quiz
Search Sporcle
×
Quiz Lab
Quiz Lab
Science
Clickable
Select answers by clicking on text or image buttons
Select answers by clicking on text or image buttons
Clickable
Best Score? Go Orange.
Parents of Science Stats
Can you pick the people listed as fathers or mothers of fields of science?
By
Nite
5m
20 Questions
56 Plays
56 Plays
56 Plays
Comments
Comments
Give Quiz Kudos
Give Quiz Kudos
-
- Ratings
hide this ad
Forced Order
Answers have to be entered in order
Answers have to be entered in order
Replay
Link that replays current quiz
Next Quiz
Link to next quiz in quiz playlist
You Got
0%
They Got
Avg Score
38%
Avg Friend Score
Upgrade to see
Score Distribution
Jump to the score distribution portion of the page
Score
0/20
Timer
05:00
0
Plays Today
% Correct
Darwin
91.1%
Mendeleev
75%
Nightingale
62.5%
Mendel
60.7%
Hippocrates
60.7%
Euclid
57.1%
Newton
53.6%
Linnaeus
42.9%
Machiavelli
35.7%
Mandelbrot
35.7%
% Correct
Pythagoras
33.9%
Wegener
30.4%
Aristotle
26.8%
Curie
23.2%
Pauling
16.1%
Sushruta
16.1%
Ramón y Cajal
14.3%
Shannon
14.3%
Galileo
12.5%
Wundt
8.9%
Quiz Playlist
Details
Report
Send in Message
Add To Playlist
Clickable:
Select answers by clicking on text or image buttons
Forced Order:
Answers have to be entered in order
Quiz Source
Last Updated: Feb 16, 2017
Quiz Scoreboard
CHALLENGE
Sign Up to Join the Scoreboard
Show All
Scores
Hide
Comments
May contain spoilers
Recently Published
Pick 6: Fruits
by JohnFran
Miscellaneous
15s
Click the 1999 NBA Draft
by nibperrychub
Sports
2m
Alphabetical 'K' Countries by Flag Minefield
by ylime102
Geography
3m
More to Explore
Quiz From the Vault
Featured Blog Post
15 Basketball Trivia Facts You Can Be March Mad About
hide this ad
You Might Also Like...
Tags
Clickable Quiz
Father
field
Mother
parent
Today's Top Quizzes in Science
Browse Science
hide this ad
Today's Top Quizzes in Clickable
Browse Clickable
Top Contributed Quizzes in Science
1
Pick 6: Animals
2
Square Numbers Scrambled (1-50)
3
Label the heart
4
Group Clicking: Animals II
5
Trigonometric Exact Values
6
Flowers by Accent Chairs
7
Identify the Leukocytes (White Blood Cells)
8
Find the Spring Animals
9
Needlepoint Flowers
10
Organic Chemistry Faculty Quiz
Explore More
Trending Topics
Harry Potter
Kpop
NBA
Marvel
Crossword
Anime
Disney
Soccer
Puzzle
NFL
Country
The Office
Song
WWE
Pokémon
hide this ad
More By:
Nite
Quiz
Plays
Rating
Category
Featured
Created
Mystery Led Zeppelin song I
229
Music
Jun 11, 2019
Mystery Led Zeppelin song II
119
Music
Jun 11, 2019
Mystery Led Zeppelin song V
84
Music
Jun 11, 2019
Mystery Led Zeppelin song IV
78
Music
Jun 11, 2019
Mystery Led Zeppelin song III
77
Music
Jun 11, 2019
Go to Creator's Profile
Score Distribution
Quiz Creator Spotlight
Nite
Follow
Send a Message
Quizzes Created
-
Created Quiz Play Count
-
More By This Creator
Popular Quizzes Today
1
Find the US States - No Outlines Minefield
2
Countries of Asia Without Outlines Minefield
3
Pick 6: Fruits
4
The Countries of the World
5
Alphabetical 'K' Countries by Flag Minefield
6
Find the US States
7
Match the Book to the Film X
8
Click the 1999 NBA Draft
More Science Quizzes
Clueless Letter Lines: Bones
Curator's Pick
Trending Quizzes
Pick 6: Harry Potter
Pick 6: Mountains
Pick 6: NFL Teams
Pick 6: Movie Franchises
Pick 6: Golfers
Recently Updated
Women's Final Four Teams by Year
bhenderson79
Presidents Quartet II
eogle
Anything But Clue(do)
eogle
Anything But Oceanian Capitals
eogle
Anything But 7
eogle
Anything But Thing
eogle
Word Ladder: February 29
pecheneg
Song Title Questions
pecheneg
Women's NCAA Tournament #1 Seeds
pecheneg
Celebrity Mug Shots
pecheneg
Trending Topics
NBA
Anime
Crossword
Marvel
Harry Potter
Disney
Kpop
NFL
The Office
Puzzle
WWE
Soccer
Song
Pokémon
Country
Your Account Isn't Verified!
In order to create a playlist on Sporcle, you need to verify the email address you used during registration. Go to your
Sporcle Settings
to finish the process.
Report this User
Report this user for behavior that violates our
Community Guidelines
.
Details:
Send Report
Go to the Sporcle.com Mobile Site →
Comments